000 00630cam a22002171 4500
001 sa 65001662
003 DLC
005 20260227112110.0
008 970505s1964 io 000 0 eng
010 _asa 65001662
035 _a(OCoLC)36854554
040 _aDLC
_cWU
_dDLC
042 _apremarc
050 0 0 _aHB3645
_b.K4
110 1 _aDjakarta. Lembaga Ekonomi dan Kemasjarakatan Nasional.
245 1 0 _aRecommendations for population study and demographic research in Indonesia.
260 _a[Djakarta,
_c1964]
300 _a9 p.
_c28 cm.
500 _aIts Warta Laknas, no.3/1964.
650 0 _aIndonesia
_xPopulation.
999 _c62147
_d62147